|
|
|
|
| LEADER |
00786nam a22002412a 4500 |
| 001 |
000269446 |
| 003 |
CZ BrMZK |
| 005 |
20141025165747.0 |
| 008 |
010907s1972 xr a f cze d |
| 015 |
|
|
|a cnb000436599
|
| 035 |
|
|
|a (OCoLC)42141895
|
| 040 |
|
|
|a ABA001
|b cze
|c PNA001
|d ABA001
|
| 080 |
9 |
|
|a 362.71(041)
|
| 100 |
1 |
|
|a Mečíř, Miloslav,
|d 1921-
|7 jk01081016
|4 aut
|
| 245 |
1 |
0 |
|a Aby bylo zdravé :
|b péče o dítě v prvních měsících života /
|c Miloslav Mečíř
|
| 250 |
|
|
|a 4. vyd.
|
| 260 |
|
|
|a Praha :
|b Ústav zdravotní výchovy,
|c 1972
|
| 300 |
|
|
|a 31, [1] s. ;
|c 12°
|
| 500 |
|
|
|a 200000 výt.
|
| 910 |
|
|
|a BOA001
|b X-0550.809-72
|
| 990 |
|
|
|a BK
|
| 991 |
|
|
|b 201410
|
| 996 |
6 |
|
|b 2618928742
|c X-0550.809-72
|l MZK
|r Sklad / do 24 hodin
|n 0
|w 000269446
|u 000010
|a 1
|e BOA001
|j MZK50
|s P
|